| 000 | 00711nam a2200193 a 4500 | ||
|---|---|---|---|
| 003 | 0 | ||
| 005 | 20250422114838.0 | ||
| 008 | 060727s19uu xx 00 eng d | ||
| 050 |
_aPHS LB 1028.3 _b.D33 2006 |
||
| 100 | _aDacayan, Karenne Santos. | ||
| 245 |
_aA Comparative study on the perceptions on the SISC curriculum between students who got a Garde A and VS / _cKarenne Santos Dacayan. |
||
| 260 |
_aLas PiƱas City, Philippines : _bSouthville International School and Colleges, _c2006. |
||
| 300 |
_a37 pages ; _c28 cm. |
||
| 504 | _aIncludes bibliographical references. | ||
| 650 | _aCurriculum evaluation. | ||
| 650 | _aComparative education. | ||
| 650 | _aAcademic achievement. | ||
| 942 |
_2lcc _cPASS |
||
| 999 |
_c97592 _d97592 |
||